| 000 | 00607nam a2200181 i 4500 | ||
|---|---|---|---|
| 001 | 41542 | ||
| 003 | ES-MaACL | ||
| 005 | 20251004063101.0 | ||
| 007 | t| | ||
| 008 | 030311s1929 sp ||||1| spa d | ||
| 100 | 1 |
_aCarballo Calero, Ricardo, _d1910-1990 _935008 |
|
| 245 | 1 | 0 |
_aEn torno de las ideas comunistas de Platón / _cconferencia pronunciada por Ricardo Carballo Calero. |
| 260 |
_aFerrol : _bEl Correo Gallego, _c1929. |
||
| 300 |
_a34 p. ; _c21 cm. |
||
| 594 | _aPrecede al tít.: Biblioteca del "Centro Obrero de Cultura" | ||
| 852 |
_aES-MaACL _j1779-F-17 |
||
| 999 |
_c41542 _d41542 |
||